| 000 | 00776cam a2200241 a 4500 | ||
|---|---|---|---|
| 001 | 000003725 | ||
| 005 | 20200929150539.0 | ||
| 008 | 870406s1991 ec 000 p spa d | ||
| 020 | _a997880031X | ||
| 040 |
_aDO-SdBNP _cDLC _dDLC |
||
| 082 |
_aU861.3 _bZ88tab |
||
| 100 | 1 |
_aZorrilla de San Martín, Juan, _d1855-1931 _93845 |
|
| 245 | 1 | 0 |
_aTabaré / _cJuan Zorrilla de San Martín ; Estudio introductorio y notas de Jorge Dávila Vázquez. |
| 260 |
_aQuito, Ecuador : _bLibresa, _c1991. |
||
| 300 |
_a201 p. ; _c20 cm. |
||
| 490 | 1 |
_aAntares _v12 |
|
| 650 | 4 |
_aPoesía uruguaya _93846 |
|
| 650 | 4 |
_aLiteratura uruguaya _93054 |
|
| 700 | 1 |
_aDávila Vázquez, Jorge, _eintrod. _911340 |
|
| 830 | 0 |
_aAntares ; _v12 _911341 |
|
| 910 | _aCatalogación por copia | ||
| 049 | _aBNGR | ||
| 999 |
_c3547 _d3547 |
||